| 000 | 01389nam a22003617a 4500 | ||
|---|---|---|---|
| 003 | DO-SdBNP | ||
| 005 | 20250526113050.0 | ||
| 007 | ta | ||
| 008 | 110301t2022 dr ad fr 001 e spa d | ||
| 020 | _a9789945933505 | ||
| 040 |
_aDO-SdBNP _bspa _cBNPHU |
||
| 082 | 4 |
_bP966p _222 |
|
| 245 | 0 | 0 |
_aProsperidad y pensiones : _breflexiones y perspectivas tras 20 años de la reforma de pensiones en la República Dominicana / _cNicholas Barr...[et.al] ; Prólogo, Milton Ray Guevara ; Presentación, Kirsis Jáquez |
| 260 |
_aSanto Domingo : _bADAFP, _c2022 |
||
| 300 |
_a367 p. : _bil., graf. ; _c23 cm. |
||
| 500 | _aIncluye notas al pié de paginas. | ||
| 504 | _aBibliografía: p: 353-367 | ||
| 590 | _aInventariado, 2022/ YL | ||
| 650 | 4 |
_978841 _aPensiones _zRepública Dominicana |
|
| 650 | 0 |
_aFondo de pensiones _zRepública Dominicana _915697 |
|
| 650 | 4 |
_977778 _aReforma de Pensiones _x _zRepública Dominicana |
|
| 700 | 1 | 2 |
_aBarr, Nicholas _982623 |
| 700 | 1 | 2 |
_aValero, Diego _982624 |
| 700 | 1 | 2 |
_aTuesta, David _982625 |
| 700 | 1 | 2 |
_aRobles, Edgar _982626 |
| 700 | 1 | 2 |
_aGarcía, Jaime _982627 |
| 700 | 1 | 2 |
_aLozano, Manuel _982628 |
| 700 | 1 | 2 |
_aMilton Ray Guevara _d1948- _eprol. _978143 |
| 700 | 1 | 2 |
_aJáquez, Kirsis _epres. _982629 |
| 710 |
_aAsociación Dominicana de Administradoras de Fondos de Pensiones (ADAFP) _982630 |
||
| 910 | _aYLockward | ||
| 942 |
_2ddc _cLBS1 |
||
| 999 |
_c52697 _d52697 |
||